000 00283nam a22001217a 4500
041 _aENG
100 _aChavan.Y
245 _aYashawantrao Chavan Atmacharitra ( Khand - 1 )
260 _aPune
_bPrestig Prakashan
_c1987
300 _a321
650 _aMarathi
856 _uMarathi ( 33 )
999 _c2223
_d2223